01094nam a2200289Ia 4500001001200000003000800012006001900020007001500039008004100054010001700095020003100112020002800143040002100171035002100192050002400213082001200237100002100249245010400270260005300374300001100427533015200438650002600590650001600616655002900632710001700661856012600678ebr10313950CaPaEBRm u cr cn|||||||||090105s2009 cou s 000 0 eng d z 2008053667 z9781934542095 (alk. paper) z1934542091 (alk. paper) aCaPaEBRcCaPaEBR a(OCoLC)64681142214aBD161b.P748 2009eb04a1102221 aPrice, Daniel M.10aTouching difficultyh[electronic resource] :bsacred form from Plato to Derrida /cDaniel M. Price. aAurora, Colo. :bDavies Group Publishers,c2009. a352 p. aElectronic reproduction.bPalo Alto, Calif. :cebrary,d2009.nAvailable via World Wide Web.nAccess may be limited to ebrary affiliated libraries. 0aKnowledge, Theory of. 0aPhilosophy. 7aElectronic books.2local2 aebrary, Inc.40uhttp://site.ebrary.com/lib/rucke/Doc?id=10313950zAn electronic book accessible through the World Wide Web; click to view